La Prensa española (Record no. 29506)

MARC details
000 -LEADER
campo de control de longitud fija 00374nam a2200133 i 4500
001 - NÚMERO DE CONTROL
campo de control 29506
003 - IDENTIFICADOR DE NÚMERO DE CONTROL
campo de control ES-MaACL
007 - CAMPO FIJO DE DESCRIPCIÓN FÍSICA--INFORMACIÓN GENERAL
campo de control de longitud fija t|
008 - DATOS DE LONGITUD FIJA--INFORMACIÓN GENERAL
campo de control de longitud fija 030122s1889 sp ||||1| spa d
100 1# - ENTRADA PRINCIPAL--NOMBRE DE PERSONA
Nombre de persona Bark, Ernesto.
9 (RLIN) 25673
245 13 - MENCIÓN DEL TÍTULO
Título La Prensa española
Resto del título : estudio comparativo de un cosmopolita /
Mención de responsabilidad, etc. Ernesto Bark.
260 ## - PUBLICACIÓN, DISTRIBUCIÓN, ETC.
Lugar de publicación, distribución, etc. Madrid :
Nombre del editor, distribuidor, etc. [s.n.,
Fecha de publicación, distribución, etc. 1889]
852 ## - LOCALIZACIÓN
Ubicación ES-MaACL
Número de control de estantería T-588-F-4
Holdings
Estatus retirado Estado de pérdida Estado de daño No para préstamo Colección Biblioteca de origen Biblioteca actual Ubicación en estantería Fecha de adquisición Fuente de adquisición Total de préstamos Signatura topográfica completa Código de barras Visto por última vez Precio de reemplazo Tipo de ítem Koha
        Colección de folletos Biblioteca del Ateneo de Madrid Biblioteca del Ateneo de Madrid Depósito folletos 17/01/2008     T-588-F-4 1030462 23/02/2023 23/02/2023 Folleto